000 00529nam a22001697a 4500
003 DO-SdBNP
005 20220407131950.0
008 110408s2021 dr 000 0 spa d
040 _aDO-SdBNP
_bspa
_cBNPHU
082 _axxxx
_bE79g
245 0 0 _aEstatutos generales :
_b(aprobados en asamblea general de 24 de octubre 2020)
260 _aSanto Domingo :
_bSociedad Dominicana de Psiquiatría,
_c2021
_fEditora Búho
300 _a79 P. ;
_c22 cm.
590 _aInventariado, 2022/ YL
910 _aYlockward
942 _2ddc
_cLBS1
999 _c51497
_d51497